Historia y Constitución /

Estudio que relaciona el papel de la historia dentro de los textos constitucionales, pero no desde una visión positivista, sino desde el marco neoconstitucional, por lo que la obra no es de historia constitucional, sino de derecho constitucional.

-д хадгалсан:
Номзүйн дэлгэрэнгүй
Үндсэн зохиолч: Zagrebelsky, Gustavo (autor)
Бусад зохиолчид: Carbonell, Miguel (prólogo y traducción) (prólogo y traducción)
Формат: Ном
Хэл сонгох:испани
Хэвлэсэн: Madrid, España : Trotta, 2005, c2005
Цуврал:(Mínima Trotta)
Нөхцлүүд:
Шошгууд: Шошго нэмэх
Шошго байхгүй, Энэхүү баримтыг шошголох эхний хүн болох!

MARC

LEADER 00000nam^a2200000^a^4500
001 000177736
005 20250521000000.0
009 20260310101725.201
020 |a 84-8164-737-3 
037 |a Acervo ITESO - Biblioteca 
041 |a ESP 
082 |a 342. 001  |b ZAG 
100 |a Zagrebelsky, Gustavo  |e (autor) 
245 1 0 |a Historia y Constitución /  |c G. Zagrebelsky ; pról. y tr. por M. Carbonell. 
264 4 |a Madrid, España :  |b Trotta,  |c 2005, c2005 
300 |a 91 p. 
336 |a texto  |b txt  |2 rdacontenido 
337 |a sin mediación  |b n  |2 rdamedio 
338 |a volumen  |b nc  |2 rdasoporte 
440 1 |a (Mínima Trotta) 
500 |a Traducción de: Storia e costituzione 
520 |a Estudio que relaciona el papel de la historia dentro de los textos constitucionales, pero no desde una visión positivista, sino desde el marco neoconstitucional, por lo que la obra no es de historia constitucional, sino de derecho constitucional. 
649 |a XX 
650 |a Constitución -  |x Teoría 
650 |a Derecho Constitucional -  |x Teoría 
650 |a Derecho Público 
700 |a Carbonell, Miguel  |e (prólogo y traducción) 
910 |a Fondo General 
920 |a Impresos - Libros 
930 |a Colección General 
905 |a 101 
901 |a 0500116653  |b IT1  |c ACC  |u 20250521 
902 |a https://opac.biblio.iteso.mx/vufind/Record/000177736